Marine biology
Guardat en:
| Autors principals: | , |
|---|---|
| Format: | Llibre |
| Idioma: | anglès |
| Publicat: |
Nueva York
McGraw-Hill
2010
|
| Edició: | 8a. ed |
| Matèries: | |
| Etiquetes: |
Afegir etiqueta
Sense etiquetes, Sigues el primer a etiquetar aquest registre!
|
MARC
| LEADER | 00000cam a2200000 a 4500 | ||
|---|---|---|---|
| 001 | UCF2580 | ||
| 003 | CL-VaPUC | ||
| 008 | 120830e20100000US |||||||||||||||||eng|d | ||
| 020 | |a 9780073524160 | ||
| 082 | 0 | 4 | |a 578.77 |b CAS |2 21 |
| 100 | 0 | |a Castro, Peter |e author |9 564275 | |
| 700 | 0 | |a Huber, Michael E |e author |9 564276 | |
| 245 | 1 | 0 | |a Marine biology |
| 250 | |a 8a. ed | ||
| 300 | |a 461 p | ||
| 942 | |c BK | ||
| 945 | |d 20120830 00:00:00 |a dcastane | ||
| 260 | |a Nueva York |b McGraw-Hill |c 2010 | ||
| 650 | 0 | |a Biología marina |9 259965 | |
| 650 | 0 | |a Microbiología |9 259706 | |
| 650 | 0 | |a Biología |9 262022 | |
| 650 | 0 | |a Océanos |9 344473 | |
| 650 | 0 | |a Oceanografía |9 260014 | |
| 650 | 0 | |a Vida marina |9 358177 | |
| 650 | 0 | |a Plancton |9 261727 | |
| 650 | 0 | |a Agua de mar |9 358176 | |
| 650 | 7 | |a MICROORGANISMOS MARINOS |2 CL-VaPUC |9 368542 | |
| 583 | |a last modification |c 20120830 10:25:00 |k Rodrigo Vera | ||
| 999 | |c 349122 |d 349120 | ||
| 952 | |0 0 |1 0 |2 ddc |4 0 |6 578_770000000000000_CAS_2010 |7 0 |8 A |9 451563 |a BIBCUR |b BIBCUR |d 2019-11-22 |i 4896815 |o 578.77 CAS 2010 |p 4896815 |r 2025-04-22 |w 2019-11-22 |y BK |k CIM | ||
| 952 | |0 0 |1 0 |2 ddc |4 0 |6 578_770000000000000_CAS_2010 |7 0 |8 A |9 451564 |a BIBCUR |b BIBCUR |d 2019-11-22 |i 4896823 |l 2 |m 1 |o 578.77 CAS 2010 |p 4896823 |r 2025-04-22 |s 2023-04-14 |w 2019-11-22 |y BK |k CIM | ||
| 952 | |0 0 |1 0 |2 ddc |3 erd |4 0 |6 578_770000000000000_CAS_2010 |7 0 |8 A |9 451565 |a BIBCUR |b BIBCUR |i 5464366 |l 3 |o 578.77 CAS 2010 |p 5464366 |r 2025-04-22 |s 2025-03-12 |w 2019-11-22 |y BK |z Catalogado en:20180413 |k CIM | ||